000 00575nam a2200217Ia 4500
003 OSt
005 20241010050359.0
008 240925s9999 xx 000 0 und d
020 _a9780070702400
040 _cdf
082 _a530.141 KRA
100 _aKraus, John D.
245 0 _aElectromagnetics: with Applications
250 _a5th
260 _aNew Delhi:
_bMcGraw Hill Education (India) Private Limited
_c,2013.
300 _a477p.
_bNA
_fOriginal
500 _aIncludes Index
600 _aHumanities & Natural Science
650 _aPhysics
942 _cBK
_2ddc
999 _c13005
_d13005